| 000 | 00854 a2200241 4500 | ||
|---|---|---|---|
| 003 | Nust | ||
| 005 | 20170207153359.0 | ||
| 010 | _a 91032538 | ||
| 020 | _a0393962202 (paper) | ||
| 040 | _cNust | ||
| 082 | 0 | 0 | _a320.1 |
| 100 | 1 | _aMachiavelli, Niccolᯬ | |
| 245 | 1 | 4 |
_aThe prince : _ba revised translation, backgrounds, interpretations, marginalia / _cNiccolᯠMachiavelli ; translated and edited by Robert M. Adams. |
| 250 | _a2nd ed. | ||
| 260 |
_aNew York : _bNorton, _cc1992. |
||
| 300 |
_axix, 288 p. : _bill. ; _c22 cm. |
||
| 490 | 0 | _aA Norton critical edition | |
| 505 | _aThe Text of The Prince (Page-1) Backgrounds (Page-74)Interpretation (Page-139) Marginalia (Page-251) | ||
| 538 | _aAlmirah No.50 Shelf No.4 | ||
| 650 | 0 | _aPolitical ethics. | |
| 650 | 0 |
_aPolitical science _yEarly works to 1800. |
|
| 700 | 1 |
_aAdams, Robert Martin, _d1915- |
|
| 942 |
_2ddc _cBK |
||
| 999 |
_c184910 _d184910 |
||